000 01010cam a22002174a 4500
005 20250605164222.0
008 250528s ||||||||||||||||||||||||d
035 _a20726
020 _a673997286
040 _aGR-AtMCL
_bgre
_dGR-AtMCL
_eAACR2
245 1 _aThe Scott, Foresman Handbook for Writers / Fourth Edition
250 _a4th
260 _bHarper Collins College Publishers,
_c1996
300 _a842
520 _aThis book affirms the principle evident since the first edition: a handbook should encourage people to write; it should speak to writers cordially and with respect; it should treat writing as a lively and creative process; and it should recognize that not all errors are created equal. Preface, The Writing Process, Document Design, Style, Grammar and Usage, Research and Writing, Tools for Writers, Glossary of Terms and Usage, Credits, Index.
700 1 _aHairston Maxine
_96687
700 1 _aRuszkiewicz John J
_96688
942 _cBK
999 _c5811
_d5811